Mächtigste Reisepässe der Welt - Statistiken

Allgemein
  • Dieses Quiz wurde 340 mal gespielt
  • Das Durchschnittsergebnis liegt bei 39 aus 48
Antwortstatistiken
Platzierung Land Zugang % Korrekt
2 Deutschland 190
99%
2 Japan 190
96%
7 Vereinigte Staaten von Amerika 185
96%
2 Spanien 190
94%
2 Schweden 190
93%
5 Schweiz 187
93%
2 Frankreich 190
92%
6 Kanada 186
92%
4 Norwegen 188
92%
2 Finnland 190
91%
2 Italien 190
91%
3 Österreich 189
91%
3 Dänemark 189
90%
3 Niederlande 189
90%
5 Polen 187
90%
6 Australien 186
89%
4 Portugal 188
89%
5 Tschechien 187
88%
3 Vereinigtes Königreich 189
88%
3 Luxemburg 189
87%
4 Belgien 188
84%
9 Estland 183
84%
10 Island 182
84%
8 Lettland 184
84%
8 Slowakei 184
84%
8 Slowenien 184
84%
6 Griechenland 186
83%
15 Kroatien 176
83%
7 Litauen 185
83%
20 Brasilien 168
82%
3 Irland 189
82%
5 Neuseeland 187
82%
12 Liechtenstein 180
81%
2 Südkorea 190
81%
15 Monaco 176
80%
19 Argentinien 169
79%
6 Ungarn 186
79%
18 Andorra 170
78%
17 San Marino 172
75%
14 Bulgarien 177
74%
14 Rumänien 177
73%
4 Malta 188
68%
16 Chile 174
67%
1 Singapur 193
65%
12 Zypern 180
59%
13 Vereinigte Arabische Emirate 179
47%
11 Malaysia 181
38%
19 Hongkong 169
13%
Keine übereinstimmenden Quizze gefunden
Verteilung der Resultate
Anzahl Personen mit jedem Resultat
Perzentil nach korrekt beantworteten Fragen
Ihre Resultats-Entwicklung
Sie haben dieses Quiz noch nicht gespielt